LEADER 00960nam--2200349---450- 001 990002186450203316 005 20090213115614.0 035 $a000218645 035 $aUSA01000218645 035 $a(ALEPH)000218645USA01 035 $a000218645 100 $a20041118d1971----km-y0itay0103----ba 101 $aita 102 $aIT 105 $a||||||||001yy 200 1 $aCorso di economia montana e forestale$fMario Greco 210 $aBari$cCacucci$d1971 215 $a214 p.$d25 cm 410 0$12001 454 1$12001 461 1$1001-------$12001 676 $a338.17498 700 1$aGRECO,$bMario$047359 801 0$aIT$bsalbc$gISBD 912 $a990002186450203316 951 $a338.174 GRE 1 (IEP I 81)$b55751 E.C.$cIEP I$d00012987 959 $aBK 969 $aECO 979 $aSIAV7$b10$c20041118$lUSA01$h1115 979 $aRSIAV3$b90$c20090213$lUSA01$h1156 996 $aCorso di economia montana e forestale$91033264 997 $aUNISA LEADER 01130nam a2200277 i 4500 001 991001559509707536 005 20020502184815.0 008 941209s1991 it 000 0 ita 020 $a8815030034 035 $ab1086894x-39ule_inst 035 $aLE02371735$9ExL 040 $aDip.to Studi Storici$bita 082 04$a265 100 1 $aTurrini, Miriam$0153385 245 13$aLa coscienza e le leggi :$bmorale e diritto nei testi per la confessione della prima età moderna /$cdi Miriam Turrini 260 $aBologna :$bIl mulino,$c[1991] 300 $a567 p. :$bill. ;$c22 cm 490 0 $aAnnali dell'Istituto storico italo-germanico.$pMonografie ;$v13 500 $aSegue: Appendice. 907 $a.b1086894x$b23-02-17$c28-06-02 912 $a991001559509707536 945 $aLE027 265.62 TUR01.01$g1$i2027000089987$lle027$o-$pE30.99$q-$rl$s- $t0$u1$v0$w1$x0$y.i14032417$z17-03-05 945 $aLE023 265 TUR 1 1$g1$i2023000001660$lle023$o-$pE0.00$q-$rn$so $t0$u3$v0$w3$x0$y.i10977399$z28-06-02 996 $aCoscienza e le leggi$993882 997 $aUNISALENTO 998 $ale027$ale023$b01-01-94$cm$da $e-$fita$git $h3$i2